Technican Units 8 and 9: Managing Performance and Controlling Resources. (Record no. 1837)

MARC details
000 -LEADER
fixed length control field 00409nam a22001217a 4500
005 - DATE AND TIME OF LATEST TRANSACTION
control field 20200903162501.0
008 - FIXED-LENGTH DATA ELEMENTS--GENERAL INFORMATION
fixed length control field 200903b ||||| |||| 00| 0 eng d
020 ## - INTERNATIONAL STANDARD BOOK NUMBER
International Standard Book Number 0751716103
040 ## - CATALOGING SOURCE
Transcribing agency CML
245 ## - TITLE STATEMENT
Title Technican Units 8 and 9: Managing Performance and Controlling Resources.
Statement of responsibility, etc. AAT
260 ## - PUBLICATION, DISTRIBUTION, ETC.
Place of publication, distribution, etc. London
Name of publisher, distributor, etc. BPP Professional Education Publishing Company
Date of publication, distribution, etc. 2004
942 ## - ADDED ENTRY ELEMENTS (KOHA)
Source of classification or shelving scheme Dewey Decimal Classification
Koha item type Books
Classification part 657
Call number suffix AAT
Holdings
Withdrawn status Lost status Source of classification or shelving scheme Damaged status Not for loan Collection code Home library Current library Shelving location Date acquired Total Checkouts Full call number Barcode Date last seen Price effective from Koha item type
    Dewey Decimal Classification     Technology (Applied Sciences) Chalimbana Main Library Chalimbana Main Library Technology (Applied Sciences) 09/03/2020   657 AAT 9780751716108 09/03/2020 09/03/2020 Books

Powered by Koha